|
|
|
|
| LEADER |
01742cas a2200277 a 4500 |
| 001 |
AALejournalIMF022845 |
| 008 |
230101c9999 xx r poo 0 0eng d |
| 020 |
|
|
|c 20.00 USD
|
| 020 |
|
|
|z 9781451816211
|
| 022 |
|
|
|a 1934-7685
|
| 040 |
|
|
|a BD-DhAAL
|c BD-DhAAL
|
| 110 |
2 |
|
|a International Monetary Fund.
|
| 245 |
1 |
0 |
|a Greece :
|b Staff Report for the 2004 Article IV Consultation.
|
| 264 |
|
1 |
|a Washington, D.C. :
|b International Monetary Fund,
|c 2005.
|
| 300 |
|
|
|a 1 online resource (53 pages)
|
| 490 |
1 |
|
|a IMF Staff Country Reports
|
| 500 |
|
|
|a <strong>Off-Campus Access:</strong> No User ID or Password Required
|
| 500 |
|
|
|a <strong>On-Campus Access:</strong> No User ID or Password Required
|
| 506 |
|
|
|a Electronic access restricted to authorized BRAC University faculty, staff and students
|
| 520 |
3 |
|
|a The staff report for the 2004 Article IV Consultation on Greece focuses on economic developments and policies. Rising incomes and a falling, though still high, unemployment rate underpinned strong household consumption, while increased profitability spurred investment spending, especially construction. Inflation has been above the euro area average, eroding international competitiveness and export market shares. Regarding structural policy, the authorities recognized that Greece still lags significantly behind the European Union in real per capita income despite the economic boom.
|
| 538 |
|
|
|a Mode of access: Internet
|
| 650 |
|
7 |
|a Debt Management
|2 imf
|
| 650 |
|
7 |
|a Debt
|2 imf
|
| 650 |
|
7 |
|a Sovereign Debt
|2 imf
|
| 830 |
|
0 |
|a IMF Staff Country Reports; Country Report ;
|v No. 2005/043
|
| 856 |
4 |
0 |
|z Full text available on IMF
|u https://elibrary.imf.org/openurl?genre=journal&issn=1934-7685&volume=2005&issue=043
|z IMF e-Library
|